Districts (Kecamatan) of Bandung City - Statistics

General Stats
  • This quiz has been taken 64 times
  • The average score is 13 of 30
Answer Stats
Answer % Correct
Cibiru
74%
Arcamanik
63%
Bandung Wetan
63%
Buahbatu
63%
Gedebage
63%
Ujung Berung
63%
Antapani
60%
Bandung Kulon
57%
Sukajadi
51%
Bandung Kidul
49%
Kiaracondong
49%
Sukasari
49%
Sumurbandung
49%
Andir
43%
Batununggal
43%
Coblong
43%
Lengkong
43%
Astanaanyar
40%
Regol
40%
Babakan Ciparay
37%
Panyileukan
37%
Cicendo
34%
Bojongloa Kaler
31%
Bojongloa Kidul
31%
Cibeunying Kaler
31%
Cibeunying Kidul
31%
Cidadap
29%
Mandalajati
29%
Cinambo
26%
Rancasari
23%
No matching quizzes found
Score Distribution
Percent of People with Each Score
Percentile by Number Answered
Your Score History
You have not taken this quiz